Loading...
| Science - Chemistry | 0 | 5 | 0 | 0 | 50 | 80 | 111.40 | 0 | 5 | 0.00 | 0.00 |
| Social Science | 0 | 4 | 1 | 1 | 35 | 76 | 110.50 | 2 | 4 | 0.00 | 0.00 |
| Literature - European | 1 | 1 | 0 | 0 | 25 | 86 | 108.50 | 2 | 2 | 0.00 | 0.00 |
| Literature - British | 0 | 2 | 0 | 0 | 20 | 89 | 108.50 | 1 | 2 | 0.00 | 0.00 |
| Current Events | 1 | 0 | 0 | 0 | 15 | 75 | 75.00 | 0 | 1 | 0.00 | 0.00 |
| History - European | 1 | 0 | 0 | 0 | 15 | 57 | 57.00 | 0 | 1 | 0.00 | 0.00 |
| History - American | 1 | 0 | 0 | 0 | 15 | 72 | 72.00 | 1 | 1 | 0.00 | 0.00 |
| Science - Other | 1 | 1 | 2 | 0 | 15 | 78 | 100.00 | 1 | 2 | 0.00 | 0.00 |
| Fine Arts - Other | 0 | 1 | 0 | 0 | 10 | 140 | 140.00 | 0 | 1 | 0.00 | 0.00 |
| Literature - American | 0 | 1 | 0 | 0 | 10 | 110 | 110.00 | 0 | 1 | 0.00 | 0.00 |
| Geography | 0 | 1 | 0 | 1 | 10 | 141 | 141.00 | 0 | 1 | 0.00 | 0.00 |
| Philosophy | 0 | 1 | 0 | 1 | 10 | 148 | 148.00 | 0 | 1 | 0.00 | 0.00 |
| Fine Arts - Visual | 0 | 0 | 0 | 0 | 0 | 0.00 | 0 | 0 | 0.00 | 0.00 | |
| Science - Physics | 0 | 2 | 4 | 0 | 0 | 82 | 86.50 | 1 | 2 | 0.00 | 0.00 |
| History - Ancient/Other | 0 | 0 | 1 | 0 | -5 | 0.00 | 0 | 0 | 0.00 | 0.00 | |
| Science - Biology | 0 | 0 | 2 | 0 | -10 | 0.00 | 0 | 0 | 0.00 | 0.00 |